Select documents on India's foreign policy and relations, 1947-1972 / (Record no. 136662)

MARC details
000 -LEADER
fixed length control field 00681nam a22002057a 4500
010 ## - LIBRARY OF CONGRESS CONTROL NUMBER
LC control number A-255600
035 ## - SYSTEM CONTROL NUMBER
System control number A-255600
037 ## - SOURCE OF ACQUISITION
Source of stock number/acquisition Cen Lib / Ret
040 ## - CATALOGING SOURCE
Original cataloging agency DPL
Language of cataloging EN
082 ## - DEWEY DECIMAL CLASSIFICATION NUMBER
Classification number 327.54
Item number APP
100 ## - MAIN ENTRY--PERSONAL NAME
Personal name Appadorai, A.
245 ## - TITLE STATEMENT
Title Select documents on India's foreign policy and relations, 1947-1972 /
Statement of responsibility, etc by A Appadorai
260 ## - PUBLICATION, DISTRIBUTION, ETC. (IMPRINT)
Place of publication, distribution, etc Delhi
Name of publisher, distributor, etc Oxford University Press
Date of publication, distribution, etc 1985
270 ## - ADDRESS
Address Oxford House Apollo Bunder
City Bombay
Postal code 400009
300 ## - PHYSICAL DESCRIPTION
Extent (v 2. 784)
Other physical details 24cm(Hb)
650 ## - SUBJECT ADDED ENTRY--TOPICAL TERM
Topical term or geographic name as entry element India -- Foreign relations -- Sources.
650 ## - SUBJECT ADDED ENTRY--TOPICAL TERM
Topical term or geographic name as entry element Inde -- Relations extérieures -- Sources.
650 ## - SUBJECT ADDED ENTRY--TOPICAL TERM
Topical term or geographic name as entry element Diplomatic relations.
942 ## - ADDED ENTRY ELEMENTS (KOHA)
Source of classification or shelving scheme Dewey Decimal Classification
Koha item type English Books
Classification part 327.54
Call number suffix APP
Holdings
Withdrawn status Lost status Source of classification or shelving scheme Materials specified (bound volume or other part) Damaged status Not for loan Home library Current library Date acquired Source of acquisition Total Checkouts Full call number Barcode Date last seen Copy number Price effective from Koha item type Public note
Written off   Dewey Decimal Classification v 2     Central Library Central Library 07/03/2016 Cen Lib/Ret   327.54 APP A-255600 07/03/2016 1 07/03/2016 English Books Written off on approval by DLB (By Circulation); dtd 15-06-2023

© Delhi Public Library
Hit Counter
free hit counter